000 01400nam a2200349Ia 4500
001 ebr10182482
003 CaPaEBR
006 m u
007 cr cn|||||||||
008 060615s2006 enka sb 001 0 eng d
010 _z 2006019757
020 _z1843104520 (pbk. : alk. paper)
020 _z9781843104520 (pbk. : alk. paper)
020 _z9781846425448
040 _aCaPaEBR
_cCaPaEBR
035 _a(OCoLC)246970817
050 1 4 _aRC394.A75
_bC65 2006eb
082 0 4 _a616.85/52
_222
100 1 _aColley, Mary.
245 1 0 _aLiving with dyspraxia
_h[electronic resource] :
_ba guide for adults with developmental dyspraxia /
_cMary Colley ; foreword by Victoria Biggs ; introduction by Amanda Kirby.
250 _aRev. ed.
260 _aLondon ;
_aPhiladelphia :
_bJessica Kingsley Publishers,
_c2006.
300 _a168 p. :
_bill.
500 _aIncludes index.
504 _aIncludes bibliographical references and index.
533 _aElectronic reproduction.
_bPalo Alto, Calif. :
_cebrary,
_d2009.
_nAvailable via World Wide Web.
_nAccess may be limited to ebrary affiliated libraries.
650 0 _aApraxia
_vPopular works.
650 0 _aPsychomotor disorders.
655 7 _aElectronic books.
_2local
710 2 _aebrary, Inc.
856 4 0 _uhttp://site.ebrary.com/lib/rucke/Doc?id=10182482
_zAn electronic book accessible through the World Wide Web; click to view
999 _c143039
_d143039